000 00836cam a22002651 4500
001 ss 53000022
003 DLC
005 20260227112752.0
008 751106s1953 dcua f000 0 eng
010 _ass 53000022
035 _a(OCoLC)1811959
040 _aDLC
_cFJ
_dOCoLC
_dDLC
050 0 0 _aZ1037
_b.U68
082 _a028.5
110 1 _aUnited States.
_bChildren's Bureau.
245 1 4 _aThe children's bookshelf;
_ba booklist for parents.
260 _a[Washington,
_bU.S. Govt. Print. Off.,
_c1953]
300 _a56 p.
_billus.
_c20 cm.
490 1 _aIts Publication
_vno. 304
500 _aCover title.
650 0 _aChildren's literature
_xBibliography.
650 0 _aChildren
_xBooks and reading
_zUnited States.
740 0 _aBooklist for parents.
810 1 _aUnited States.
_bChildren's Bureau.
_tPublication
_vno. 304.
999 _c90946
_d90946